Rozsah využitia elektronických komunikačných nástrojov v podniku na slovenskom trhu pri marketingovej komunikácii s jeho okolím

Výskum v slovenských podnikoch ako vyberajú a používajú elektronické komunikačné nástroje v marketingovej komunikácii so svojím okolím. Elektronická komunikácia a elektronické komunikačné nástroje a ich využitie vo svete. Výsledky výskumu v slovenských podnikoch. Ktoré elektronické nástroje najviac...

Descripción completa

Guardado en:
Detalles Bibliográficos
Autor principal: Surovi, Pavel
Formato: Capítulo de libro
Lenguaje:eslovaco
Materias:
Etiquetas: Agregar Etiqueta
Sin Etiquetas, Sea el primero en etiquetar este registro!

MARC

LEADER 00000naa$a2200000$$$4500
001 0053602
005 20240502071624.6
041 0 |a slo 
044 |a SK 
245 1 0 |a Rozsah využitia elektronických komunikačných nástrojov v podniku na slovenskom trhu pri marketingovej komunikácii s jeho okolím  |c Pavel Surovi 
520 |a Výskum v slovenských podnikoch ako vyberajú a používajú elektronické komunikačné nástroje v marketingovej komunikácii so svojím okolím. Elektronická komunikácia a elektronické komunikačné nástroje a ich využitie vo svete. Výsledky výskumu v slovenských podnikoch. Ktoré elektronické nástroje najviac využívajú slovenské podniky. 
610 2 0 |a komunikácia elektronická 
610 2 0 |a komunikácia marketingová 
610 2 0 |a podnik 
610 2 0 |a výskum 
610 2 0 |a Slovensko 
100 1 |a Surovi, Pavel